Klíčem k analýze velkých dat je lidský faktor
Okrem materiálových zdrojov, pracovnej sily a kapitálu sú informácie základným prostriedkom, vďaka ktorému môžu firmy získať náskok pred svojimi konkurentmi. Nové súvislosti a tým aj možnosti môže firmám priniesť analýza veľkých dát (big data). Využitie big data má svoje uplatnenie aj v logistike a...
Enregistré dans:
| Auteur principal: | |
|---|---|
| Format: | Chapitre de livre |
| Langue: | tchèque |
| Sujets: | |
| Tags: |
Pas de tags, Soyez le premier à ajouter un tag!
|
MARC
| LEADER | 00000naa a2200000 4500 | ||
|---|---|---|---|
| 001 | 0191213 | ||
| 005 | 20231211080539.7 | ||
| 041 | 0 | |a cze | |
| 044 | |a CZ | ||
| 245 | 1 | 0 | |a Klíčem k analýze velkých dat je lidský faktor |c Radek Novotný |
| 520 | |a Okrem materiálových zdrojov, pracovnej sily a kapitálu sú informácie základným prostriedkom, vďaka ktorému môžu firmy získať náskok pred svojimi konkurentmi. Nové súvislosti a tým aj možnosti môže firmám priniesť analýza veľkých dát (big data). Využitie big data má svoje uplatnenie aj v logistike a doprave. | ||
| 610 | 2 | 0 | |a báza dát |
| 610 | 2 | 0 | |a doprava |
| 610 | 2 | 0 | |a logistika |
| 610 | 2 | 0 | |a technológie informačné |
| 610 | 2 | 0 | |a technológie komunikačné |
| 100 | 1 | |a Novotný, Radek | |